[Event "Deltalift op"]
[Site "Tylosand"]
[Date "2016.05.05"]
[Round "2"]
[White "Karlsson, Jorgen"]
[Black "Szumniak, Jedrzej"]
[Result "0-1"]
[WhiteElo "2170"]
[BlackElo "1945"]
[PlyCount "100"]
[EventDate "2016.05.05"]
[EventType "swiss"]
[EventRounds "8"]
[EventCountry "SWE"]
[SourceTitle "CBM 172 Extra"]
[Source "ChessBase"]
[SourceDate "2016.06.21"]
[SourceVersion "1"]
[SourceVersionDate "2016.06.21"]
[SourceQuality "1"]

1. e4 c5 2. c3 d5 3. exd5 Qxd5 4. d4 Nf6 5. Nf3 Bg4 6. Be2 Nc6 7. c4 Qd7 8. d5 Bxf3 9. Bxf3 Nd4 10. Be3 Nxf3+ 11. Qxf3 Rc8 12. Nc3 g6 13. 0-0 Bg7 14. Rfe1 0-0 15. Bg5 h6 16. Bh4 g5 17. Bg3 a6 18. a4 Rfe8 19. Rad1 b6 20. Be5 Qg4 21. Qxg4 Nxg4 22. Bxg7 Kxg7 23. f3 Nf6 24. Kf2 Rcd8 25. Re2 Rd7 26. Rb1 e6 27. dxe6 Rxe6 28. Rxe6 fxe6 29. Rd1 Rxd1 30. Nxd1 Nd7 31. Ke3 Ne5 32. b3 Nc6 33. Kd3 Nd4 34. Kc3 Ne2+ 35. Kc2 Nd4+ 36. Kb2 Kf6 37. Nc3 Ke5 38. a5 bxa5 39. Ne4 g4 40. Nxc5 gxf3 41. gxf3 Nxf3 42. h3 h5 43. Nd7+ Kd6 44. Nf6 h4 45. Kc3 Ng5 46. Kd4 Nxh3 47. c5+ Kc6 48. Ng4 Ng5 49. Ne5+ Kc7 50. Ke3 h3 0-1

[Event "Deltalift op"]
[Site "Tylosand"]
[Date "2016.05.05"]
[Round "3"]
[White "Szumniak, Jedrzej"]
[Black "Wallin, Denis"]
[Result "0-1"]
[WhiteElo "1945"]
[BlackElo "2184"]
[PlyCount "172"]
[EventDate "2016.05.05"]
[EventType "swiss"]
[EventRounds "8"]
[EventCountry "SWE"]
[SourceTitle "CBM 172 Extra"]
[Source "ChessBase"]
[SourceDate "2016.06.21"]
[SourceVersion "1"]
[SourceVersionDate "2016.06.21"]
[SourceQuality "1"]

1. d4 e6 2. c4 Bb4+ 3. Bd2 Bxd2+ 4. Qxd2 Nf6 5. Nc3 d6 6. Nf3 Nbd7 7. e4 e5 8. d5 a5 9. Qc2 0-0 10. Be2 Nc5 11. Nd2 Kh8 12. f3 Nh5 13. 0-0-0 Nf4 14. g3 Nxe2+ 15. Nxe2 f5 16. Rdf1 Bd7 17. Nc3 f4 18. g4 a4 19. h4 Qb8 20. Ndb1 b5 21. cxb5 Bxb5 22. Nxb5 Qxb5 23. Na3 Qb7 24. Nc4 Rfb8 25. Kd2 Qa6 26. Qc3 Rb5 27. Rb1 Rab8 28. Rhc1 Qc8 29. Ke2 Qd8 30. Rh1 Qd7 31. Kf2 Rb4 32. Rhc1 R8b5 33. Re1 Qd8 34. Rh1 Qa8 35. Kg2 Kg8 36. Rhd1 Qa6 37. Rdc1 h5 38. g5 Kh7 39. Kh2 Kg6 40. Kg2 Kh7 41. Kh2 Qb7 42. Kg2 Nd7 43. Kh2 Rc5 44. Qd3 Nf8 45. Qe2 Ng6 46. Kg2 Nxh4+ 47. Kf2 Ng6 48. Qd3 h4 49. Qf1 Qb5 50. Nd2 Rxc1 51. Qxc1 Qb6+ 52. Kg2 h3+ 53. Kxh3 Qf2 54. Qe1 Qxe1 55. Rxe1 Rxb2 56. Nc4 Rxa2 57. Na5 Rf2 58. Kg4 Ne7 59. Rg1 Kg6 60. Nc4 Rc2 61. Na3 Rc3 62. Nb5 Rc5 63. Na3 Nc8 64. Rh1 Nb6 65. Rb1 Nc4 66. Nxc4 Rxc4 67. Rb8 Rc1 68. Ra8 Rg1+ 69. Kh3 Rg3+ 70. Kh2 Rxf3 71. Rxa4 Re3 72. Ra7 Rxe4 73. Rxc7 Rd4 74. Kg2 Rxd5 75. Kf3 Kxg5 76. Rxg7+ Kf5 77. Rf7+ Ke6 78. Rh7 Rd3+ 79. Ke2 Re3+ 80. Kf2 Kd5 81. Ra7 Ke4 82. Ra4+ Kf5 83. Ra8 d5 84. Rf8+ Ke4 85. Ra8 d4 86. Ra4 Rb3 0-1

[Event "Vaxjo op"]
[Site "Vaxjo"]
[Date "2016.02.20"]
[Round "6"]
[White "Szumniak, Jedrzej"]
[Black "Emmoth, Alfons"]
[Result "1/2-1/2"]
[WhiteElo "2059"]
[BlackElo "1875"]
[PlyCount "62"]
[EventDate "2016.02.19"]
[EventType "swiss"]
[EventRounds "8"]
[EventCountry "SWE"]
[SourceTitle "CBM 170 Extra"]
[Source "ChessBase"]
[SourceDate "2016.02.25"]
[SourceVersion "1"]
[SourceVersionDate "2016.02.25"]
[SourceQuality "1"]

1. d4 Nf6 2. c4 g6 3. Nc3 Bg7 4. e4 d6 5. Nf3 0-0 6. Be2 e5 7. d5 a5 8. Be3 Na6 9. 0-0 Ng4 10. Bg5 f6 11. Bh4 h5 12. Nd2 Nh6 13. f3 Qe8 14. h3 f5 15. exf5 Nxf5 16. Bf2 Bh6 17. Nde4 Qe7 18. Bd3 Ne3 19. Bxe3 Bxe3+ 20. Kh1 Kg7 21. Qe1 Bh6 22. Ne2 b6 23. a3 a4 24. N2c3 Nc5 25. Bc2 Bd7 26. Qd1 Nxe4 27. Bxe4 Qh4 28. Qe1 Qxe1 29. Raxe1 Bd2 30. Rb1 Bxc3 31. bxc3 Ra5 1/2-1/2

[Event "Sweden-Iceland m U20"]
[Site "Uppsala"]
[Date "2015.10.03"]
[Round "1.2"]
[White "Johannesson, Oliver Aron"]
[Black "Szumniak, Jedrzej"]
[Result "1-0"]
[WhiteElo "2202"]
[BlackElo "2053"]
[PlyCount "47"]
[EventDate "2015.10.03"]
[EventType "match"]
[EventRounds "4"]
[EventCountry "SWE"]
[SourceTitle "CBM 169 Extra"]
[Source "ChessBase"]
[SourceDate "2015.12.18"]
[SourceVersion "1"]
[SourceVersionDate "2015.12.18"]
[SourceQuality "1"]

1. d4 d5 2. c4 c6 3. Nf3 Nf6 4. Nc3 a6 5. e3 b5 6. b3 Bg4 7. Be2 e6 8. 0-0 Nbd7 9. Bb2 Bd6 10. Ne5 Bxe2 11. Nxe2 Bxe5 12. dxe5 Ng4 13. Nd4 Ngxe5 14. f4 c5 15. Nxe6 fxe6 16. fxe5 Qg5 17. cxd5 Rd8 18. Qf3 Rf8 19. Qe4 exd5 20. Qxd5 Qxe3+ 21. Kh1 Qh6 22. e6 Nf6 23. Qxc5 Qd2 24. e7 1-0

[Event "Politiken Cup 37th"]
[Site "Helsingor"]
[Date "2015.07.30"]
[Round "7"]
[White "Rolvag, Mikael"]
[Black "Szumniak, Jedrzej"]
[Result "1-0"]
[WhiteElo "2193"]
[BlackElo "1975"]
[PlyCount "85"]
[EventDate "2015.07.25"]
[EventType "swiss"]
[EventRounds "10"]
[EventCountry "DEN"]
[SourceTitle "CBM 167 Extra"]
[Source "ChessBase"]
[SourceDate "2015.09.14"]
[SourceVersion "1"]
[SourceVersionDate "2015.09.14"]
[SourceQuality "1"]

1. d4 d5 2. c4 c6 3. e3 Nf6 4. Nf3 a6 5. Bd3 b5 6. b3 Bg4 7. Nbd2 Nbd7 8. h3 Bh5 9. Bb2 e6 10. Qc2 Bd6 11. 0-0 Rc8 12. c5 Bb8 13. a4 Qe7 14. axb5 axb5 15. b4 e5 16. Nxe5 Nxe5 17. dxe5 Bxe5 18. Bxe5 Qxe5 19. Nb3 Bg6 20. Nd4 Nd7 21. Ra6 Bxd3 22. Qxd3 Qf6 23. Qf5 Qxf5 24. Nxf5 Kf8 25. Nd6 Ke7 26. Nxc8+ Rxc8 27. Rd1 Ne5 28. Rd4 f5 29. Kf1 h6 30. Ke2 g5 31. Rd2 f4 32. Rda2 fxe3 33. fxe3 Rf8 34. Ra8 Rf6 35. R2a7+ Ke6 36. Re8+ Kf5 37. g4+ Nxg4 38. hxg4+ Kxg4 39. Rd7 h5 40. Rd6 Rf3 41. Rxc6 h4 42. Rg6 Rf5 43. c6 1-0

[Event "Politiken Cup 37th"]
[Site "Helsingor"]
[Date "2015.07.28"]
[Round "5"]
[White "Boukhris, Yacine"]
[Black "Szumniak, Jedrzej"]
[Result "0-1"]
[WhiteElo "2163"]
[BlackElo "1975"]
[PlyCount "86"]
[EventDate "2015.07.25"]
[EventType "swiss"]
[EventRounds "10"]
[EventCountry "DEN"]
[SourceTitle "CBM 167 Extra"]
[Source "ChessBase"]
[SourceDate "2015.09.14"]
[SourceVersion "1"]
[SourceVersionDate "2015.09.14"]
[SourceQuality "1"]

1. e4 c5 2. Nf3 d6 3. d4 cxd4 4. Qxd4 Nc6 5. Bb5 Bd7 6. Bxc6 Bxc6 7. Nc3 Nf6 8. Bg5 e5 9. Qd3 Qd7 10. Bxf6 gxf6 11. 0-0-0 0-0-0 12. Nh4 Rg8 13. g3 Rg5 14. Nd5 Qe6 15. Nf5 Bxd5 16. Qxd5 Qxd5 17. Rxd5 Kd7 18. Rhd1 Ke6 19. c4 b6 20. b4 Rxf5 21. exf5+ Kxf5 22. Kb2 Rc8 23. Kb3 Kg4 24. R1d2 f5 25. a4 f4 26. a5 f3 27. h4 f5 28. Ra2 e4 29. axb6 axb6 30. Ra7 Re8 31. Rf7 Re5 32. Rxe5 dxe5 33. Rxf8 e3 34. Ra8 exf2 35. Ra1 e4 36. c5 bxc5 37. bxc5 e3 38. c6 e2 39. c7 e1Q 40. Ra4+ Kxg3 41. c8Q Qb1+ 42. Ka3 f1Q 43. Qc7+ Kh3 0-1

[Event "Politiken Cup 37th"]
[Site "Helsingor"]
[Date "2015.07.27"]
[Round "4"]
[White "Szumniak, Jedrzej"]
[Black "Pedersen, Hans Buus"]
[Result "1/2-1/2"]
[WhiteElo "1975"]
[BlackElo "2158"]
[PlyCount "28"]
[EventDate "2015.07.25"]
[EventType "swiss"]
[EventRounds "10"]
[EventCountry "DEN"]
[SourceTitle "CBM 167 Extra"]
[Source "ChessBase"]
[SourceDate "2015.09.14"]
[SourceVersion "1"]
[SourceVersionDate "2015.09.14"]
[SourceQuality "1"]

1. d4 e6 2. c4 Bb4+ 3. Bd2 a5 4. Nf3 f5 5. g3 Nf6 6. Nc3 0-0 7. Bg2 d6 8. 0-0 Bxc3 9. Bxc3 Ne4 10. Qd3 Nd7 11. b4 Nxc3 12. Qxc3 a4 13. Nd2 e5 14. e4 f4 1/2-1/2

[Event "Deltalift op"]
[Site "Tylosand"]
[Date "2015.05.16"]
[Round "8"]
[White "Szumniak, Jedrzej"]
[Black "Karlsson, Jorgen"]
[Result "0-1"]
[WhiteElo "1962"]
[BlackElo "2161"]
[PlyCount "76"]
[EventDate "2015.05.14"]
[EventType "swiss"]
[EventRounds "8"]
[EventCountry "SWE"]
[SourceTitle "CBM 166 Extra"]
[Source "ChessBase"]
[SourceDate "2015.06.18"]
[SourceVersion "1"]
[SourceVersionDate "2015.06.18"]
[SourceQuality "1"]

1. d4 g6 2. c4 Bg7 3. Nc3 d6 4. e4 Nc6 5. Nf3 Bg4 6. Be3 e5 7. d5 Nce7 8. g3 h6 9. Bg2 f5 10. Qc2 g5 11. h3 Bxf3 12. Bxf3 f4 13. Bh5+ Kf8 14. Bd2 Nf6 15. Be2 Nd7 16. h4 a5 17. 0-0-0 Ng8 18. hxg5 hxg5 19. Rxh8 Bxh8 20. Rh1 Bg7 21. Na4 b6 22. Bg4 Nh6 23. Be6 Qe8 24. gxf4 gxf4 25. Qd1 Ke7 26. Qg1 Qf8 27. f3 Nf6 28. Be1 Nf7 29. Bh4 Qg8 30. Nxb6 cxb6 31. Qxb6 Qb8 32. Qc6 Ra7 33. Bxf6+ Kxf6 34. Rh5 Ng5 35. Bc8 Qc7 36. Qe8 Qxc4+ 37. Kd2 Nxf3+ 38. Kd1 Qd3+ 0-1

[Event "Deltalift op"]
[Site "Tylosand"]
[Date "2015.05.14"]
[Round "1"]
[White "Hillarp Persson, Tiger"]
[Black "Szumniak, Jedrzej"]
[Result "1-0"]
[WhiteElo "2548"]
[BlackElo "1962"]
[PlyCount "115"]
[EventDate "2015.05.14"]
[EventType "swiss"]
[EventRounds "8"]
[EventCountry "SWE"]
[SourceTitle "CBM 166 Extra"]
[Source "ChessBase"]
[SourceDate "2015.06.18"]
[SourceVersion "1"]
[SourceVersionDate "2015.06.18"]
[SourceQuality "1"]

1. Nf3 d5 2. c4 c6 3. e3 Nf6 4. Nc3 e6 5. b3 a6 6. Bb2 Bd6 7. d4 b5 8. Bd3 Nbd7 9. 0-0 0-0 10. Qc2 Re8 11. e4 b4 12. e5 bxc3 13. Bxc3 Bc7 14. exf6 Nxf6 15. Rad1 h6 16. Ne5 Bd7 17. Rfe1 a5 18. Re3 Qb8 19. c5 Rd8 20. Rg3 Be8 21. Qc1 Nh5 22. Qxh6 Nxg3 23. Qh7+ Kf8 24. hxg3 Bxe5 25. dxe5 d4 26. Qh8+ Ke7 27. Qh4+ Kf8 28. Bxd4 Qb4 29. Qh8+ Ke7 30. Be3 Qg4 31. Rd2 Bd7 32. Qh4+ Qxh4 33. gxh4 Bc8 34. Be4 Rxd2 35. Bxd2 Kd7 36. f4 g6 37. Kf2 a4 38. b4 Ba6 39. a3 Bc4 40. g4 Bd5 41. Bc2 Bb3 42. Be4 Bd5 43. Bd3 Ke7 44. f5 gxf5 45. Bg5+ Kd7 46. gxf5 exf5 47. Bxf5+ Be6 48. Be4 Rg8 49. Ke3 Bd5 50. Bf5+ Be6 51. Bd3 Kc7 52. Kf4 Bh3 53. h5 Rh8 54. h6 Be6 55. h7 f5 56. exf6 Rf8 57. Bh6 Rxf6+ 58. Kg5 1-0

[Event "Reykjavik op"]
[Site "Reykjavik"]
[Date "2014.03.11"]
[Round "9"]
[White "Szumniak, Jedrzej"]
[Black "Eliasson, Kristjan Orn"]
[Result "1-0"]
[WhiteElo "1618"]
[BlackElo "1875"]
[PlyCount "133"]
[EventDate "2014.03.04"]
[EventType "swiss"]
[EventRounds "10"]
[EventCountry "ISL"]
[SourceTitle "CBM 159 Extra"]
[Source "ChessBase"]
[SourceDate "2014.04.24"]
[SourceVersion "1"]
[SourceVersionDate "2014.04.24"]
[SourceQuality "1"]

1. d4 Nf6 2. c4 c6 3. Nc3 d5 4. Nf3 g6 5. Bf4 Bg7 6. e3 0-0 7. a3 Nbd7 8. cxd5 Nxd5 9. Nxd5 cxd5 10. Rc1 Qa5+ 11. Qd2 Qxd2+ 12. Kxd2 Nf6 13. Bb5 h6 14. Rc7 g5 15. Be5 Ne4+ 16. Ke2 f6 17. Bg3 Kf7 18. Nd2 Nxg3+ 19. hxg3 Rd8 20. Rhc1 a6 21. Ba4 Rb8 22. b4 Bf8 23. Bb3 Be6 24. Ba2 Rd6 25. Nb3 b6 26. Ra7 Bd7 27. Kd2 Bb5 28. Rcc7 Ke8 29. Nc1 Kd8 30. Ne2 e6 31. Rf7 Ke8 32. Rxf6 a5 33. Rh7 Rbd8 34. Nc3 Bf1 35. bxa5 bxa5 36. Na4 Bxg2 37. Bb1 Be4 38. Bxe4 dxe4 39. Nc5 e5 40. Re6+ Rxe6 41. Nxe6 Rb8 42. Nxf8 Rb2+ 43. Kc3 Rxf2 44. Ng6 exd4+ 45. Kxd4 Ra2 46. Kxe4 Rxa3 47. Rxh6 Ra4+ 48. Kf5 Ra3 49. Kxg5 Rxe3 50. Kf4 Re1 51. Ne5 a4 52. Ra6 Ra1 53. Kg4 a3 54. Nc4 a2 55. Ne3 Kf7 56. Nc2 Rc1 57. Rxa2 Kg7 58. Ne3 Kg6 59. Ra6+ Kf7 60. Nf5 Rc7 61. Kg5 Rc5 62. g4 Rc1 63. Rf6+ Kg8 64. Kg6 Rf1 65. Nh6+ Kh8 66. Nf7+ Kg8 67. Rxf1 1-0

[Event "Reykjavik op"]
[Site "Reykjavik"]
[Date "2014.03.09"]
[Round "7"]
[White "Szumniak, Jedrzej"]
[Black "De Winter, Eric"]
[Result "1-0"]
[WhiteElo "1618"]
[BlackElo "1804"]
[PlyCount "91"]
[EventDate "2014.03.04"]
[EventType "swiss"]
[EventRounds "10"]
[EventCountry "ISL"]
[SourceTitle "CBM 159 Extra"]
[Source "ChessBase"]
[SourceDate "2014.04.24"]
[SourceVersion "1"]
[SourceVersionDate "2014.04.24"]
[SourceQuality "1"]

1. d4 Nf6 2. c4 g6 3. Nc3 d5 4. Bf4 c6 5. e3 Bg7 6. Nf3 0-0 7. a3 a6 8. Rc1 Bg4 9. h3 Bxf3 10. Qxf3 e6 11. c5 Re8 12. b4 Nh5 13. Bd6 Nd7 14. g4 Nhf6 15. Qg3 Ne4 16. Nxe4 dxe4 17. Bc4 a5 18. b5 Nb8 19. b6 Nd7 20. h4 e5 21. h5 g5 22. h6 Bh8 23. Bc7 Qf6 24. Rh5 Qg6 25. f4 exf3 26. Qxf3 Nf6 27. Bxe5 Nd5 28. Bxd5 cxd5 29. Bxh8 Kxh8 30. Kd2 Re4 31. Rf1 Kg8 32. Qf5 Qxf5 33. Rxf5 f6 34. Rxf6 Rxg4 35. Rf5 Rg2+ 36. Kd3 g4 37. Rhg5+ Kh8 38. Rxd5 g3 39. Rd7 Rb8 40. Rgg7 Ra2 41. Rxh7+ Kg8 42. Rhg7+ Kh8 43. Rxg3 a4 44. Rgg7 Rg2 45. Rxg2 Re8 46. Rf2 1-0